=LDR 00000nam 2200000 4500 =001 INLIS000000000038859 =005 20130612144522 =008 ***********************************ind** =035 ##$$0010-061300000038859 =041 ##$$a ind =082 ##$$a 2x4.12 =090 ##$$a 2x4.12, Rif k.1 =100 ##$$a RIFA'I, Syamsuri =245 ##$$a Kumpulan shalat, doa dan dzikir/Syamsuri rifa'i =260 ##$$a 2009 $b Jakarta =300 ##$$a 240 Hlm, 20 Cm =650 ##$$a SHALAT =850 ##$$a NBPNMAT =990 ##$$a 0001/BPAP-NTB/2016